ikea plushies quiz - Statistics

General Stats
  • This quiz has been taken 28 times
  • The average score is 5 of 19
Answer Stats
Hint Answer % Correct
aftonsparv alien | cat | bear | rabbit | earth
96%
kramig panda | lion | tiger | elephant | orangutan
58%
djungelskog brown bear | orangutan | burmese python
46%
blahaj blue shark
42%
blavingad octopus | blue whale | penguin | turtle | orca | dolphin
42%
gosig ratta rat
42%
skogsduva fox | lynx | otter | bee | arctic fox | owl
38%
knorrig pig
38%
gosig golden golden retriever
29%
livlig husky | siberian husky
25%
jattestor elephant
17%
snuttig polar bear
17%
jattelik brontosaurus | stegosaurus | triceratops | velociraptor
13%
famnig hjarta heart
13%
sparka football
8%
fabler bjorn teddy bear
8%
titta djur finger puppet
4%
lilleplutt grey cat
4%
brummig snail
0%
No matching quizzes found
Score Distribution
Percent of People with Each Score
Percentile by Number Answered
Your Score History
You have not taken this quiz